[Event "17th Aeroflot Open-A 2019"]
[Site "Moscow"]
[Date "2019.02.27"]
[Round "9.17"]
[White "Fier, Alexandr"]
[Black "Grachev, Boris"]
[Result "1/2-1/2"]
[WhiteElo "2561"]
[BlackElo "2626"]
[Annotator "TA"]
[PlyCount "55"]
[EventDate "2019.02.19"]
[EventCountry "RUS"]
[SourceTitle "playchess.com"]
[Source "ChessBase"]
[SourceQuality "1"]

{[%evp 9,55,21,31,29,30,28,32,28,22,15,15,20,17,24,24,15,16,12,21,14,21,20,13,14,12,0,0,0,0,-6,-10,-16,2,0,4,7,12,0,0,0,0,0,0,0,0,0,0,0]} 1. d4 d5 2. c4 e6 3. Nc3 a6 4. cxd5 exd5 5. Bf4 (5. Nf3 h6 6. Bf4 Nf6 7. e3 Bd6 8. Bxd6 Qxd6 9. Qc2 O-O 10. Bd3 Re8 11. h3 Be6 12. O-O Nbd7 13. a4 {½-½ (40) Shankland,S (2725)-Carlsen,M (2835) Wijk aan Zee 2019}) 5... c6 6. e3 {D31: Queen's Gambit Declined: Semi-Slav without ...Nf6 (+ Marshall Gambit and Noteboom) and Exchange Variation lines without ...Nf6} Bd6 7. Bxd6 Qxd6 8. Bd3 {White is slightly better.} Ne7 9. Qc2 g6 10. Nf3 O-O 11. O-O Bg4 $146 ({Predecessor:} 11... Bf5 12. Rfc1 Nd7 {1-0 (48) Riess,A (2180)-Engel,L (2304) Willingen 2017}) 12. Ne5 Bf5 {The position is equal.} 13. Na4 (13. e4 {keeps more tension.} dxe4 14. Bxe4 Kg7 15. Qb3 Qc7 16. Qa3) 13... Bxd3 14. Qxd3 f6 15. Nf3 $1 Nd7 16. Rfe1 Rfe8 17. e4 dxe4 18. Qxe4 Kf7 19. Nc5 Nf5 20. Qc2 {[#] Hoping for Qb3+.} Nxc5 21. dxc5 Qd5 22. Red1 Qe6 23. a3 Rad8 24. h3 h5 25. Re1 Qd5 26. Red1 Qe6 27. Re1 Qd5 28. Red1 {Accuracy: White = 72%, Black = 96%.} 1/2-1/2

[Event "17th Aeroflot Open-A 2019"]
[Site "Moscow"]
[Date "2019.02.27"]
[Round "9.18"]
[White "Firouzja, Alireza"]
[Black "Abdusattorov, Nodirbek"]
[Result "1/2-1/2"]
[WhiteElo "2618"]
[BlackElo "2560"]
[Annotator "TA"]
[PlyCount "71"]
[EventDate "2019.02.19"]
[EventCountry "RUS"]
[SourceTitle "playchess.com"]
[Source "ChessBase"]
[SourceQuality "1"]

{[%evp 18,71,33,32,23,7,0,8,27,27,28,28,28,28,29,30,30,0,47,36,30,25,62,58,67,61,54,66,115,31,47,6,6,5,10,0,0,0,3,3,3,3,3,3,3,5,12,0,4,0,0,0,0,0,0,0]} 1. d4 Nf6 2. c4 e6 3. Nf3 d5 4. Nc3 Be7 5. g3 O-O 6. Bg2 dxc4 7. Ne5 c5 8. dxc5 Qxd1+ 9. Nxd1 Bxc5 10. O-O Nc6 {E06: Closed Catalan: Early deviations} 11. Bxc6 bxc6 12. Be3 Bxe3 $146 ({Predecessor:} 12... Bb6 13. Nxc4 Ba6 14. Rc1 Nd5 15. Re1 Rfd8 16. b3 Rac8 17. Bd2 c5 18. Ndb2 {½-½ (75) Malakhov,V (2693)-Leko,P (2709) Germany 2016}) 13. Nxe3 c3 14. bxc3 {[%cal Bb2c3,Bc3c4][%mdl 32]} Nd5 15. c4 Nxe3 16. fxe3 Ba6 17. Rfc1 c5 18. Nd3 Rac8 19. Rab1 Rfd8 20. Rb3 Rd6 21. Ra3 f6 22. Ra5 Rdc6 {[#]} 23. e4 (23. Nxc5 $1 $16 {[%mdl 512]} Rxc5 24. Rxa6 {[%mdl 64] Double Attack}) 23... e5 $14 24. Kf2 R8c7 {The position is equal.} 25. Rc3 Bc8 26. Rca3 a6 27. Ke3 Kf7 28. Kd2 Bb7 29. Rb3 Bc8 30. Kc3 Bg4 31. Rb2 h5 32. Rd2 Be6 33. Nc1 Ke7 34. Nb3 Rb6 35. Nxc5 Bf7 36. Rd5 {Accuracy: White = 56%, Black = 82%.} 1/2-1/2

[Event "17th Aeroflot Open-A 2019"]
[Site "Moscow"]
[Date "2019.02.27"]
[Round "9.19"]
[White "Sychev, Klementy"]
[Black "Van Foreest, Jorden"]
[Result "1-0"]
[WhiteElo "2545"]
[BlackElo "2618"]
[Annotator "ChessBase"]
[PlyCount "78"]
[EventDate "2019.02.19"]
[EventCountry "RUS"]
[SourceTitle "playchess.com"]
[Source "ChessBase"]
[SourceQuality "1"]
[TimeControl "40/5400+30:1800+30"]

1. e4 {[%emt 0:02:01]} c5 {[%emt 0:00:00]} 2. Nf3 {[%emt 0:00:05]} d6 {[%emt 0:00:00]} 3. d4 {[%emt 0:01:05]} cxd4 {[%emt 0:00:07]} 4. Nxd4 {[%emt 0:00:02]} Nf6 {[%emt 0:00:13]} 5. Nc3 {[%emt 0:00:18]} a6 {[%emt 0:00:11]} 6. Be2 {[%emt 0:01:45]} e5 {[%emt 0:01:30]} 7. Nb3 {[%emt 0:03:06]} Be7 {[%emt 0:00:56]} 8. Be3 {[%emt 0:00:55]} Be6 {[%emt 0:00:27]} 9. h4 {[%emt 0:00:45]} O-O {[%emt 0:03:49]} 10. Bf3 {[%emt 0:00:16]} Nc6 {[%emt 0:09:37]} 11. g4 {[%emt 0:06:24]} Nd7 {[%emt 0:00:59]} 12. g5 {[%emt 0:06:05]} Nb6 {[%emt 0:04:57]} 13. Nd5 {[%emt 0:35:42]} Nc4 {[%emt 0:01:20]} 14. Qe2 {[%emt 0:02:50]} b5 {[%emt 0:07:03]} 15. O-O-O {[%emt 0:00:18]} a5 {[%emt 0:01:34]} 16. Nd2 {[%emt 0:00:36]} Nxe3 {[%emt 0:15:14]} 17. fxe3 {[%emt 0:00:47]} Qc8 {[%emt 0:05:37]} 18. Kb1 {[%emt 0:02:10]} Rb8 {[%emt 0:05:29]} 19. Rhg1 {[%emt 0:02:02]} a4 {[%emt 0:02:27]} 20. Bg4 {[%emt 0:03:43]} a3 {[%emt 0:03:07]} 21. b3 {[%emt 0:00:34]} Bd8 {[%emt 0:00:09]} 22. c4 {[%emt 0:13:51]} Na7 {[%emt 0:04:04]} 23. Rc1 {[%emt 0:01:49]} Qb7 {[%emt 0:00:23]} 24. Nf6+ {[%emt 0:08:31]} Kh8 {[%emt 0:19:37]} 25. Bxe6 {[%emt 0:00:13]} fxe6 {[%emt 0:00:05]} 26. Nxh7 {[%emt 0:00:33]} Kxh7 {[%emt 0:00:18]} 27. Qh5+ {[%emt 0:00:04]} Kg8 {[%emt 0:00:03]} 28. g6 {[%emt 0:00:05]} Rf2 {[%emt 0:00:02]} 29. Qh7+ {[%emt 0:02:39]} Kf8 {[%emt 0:00:02]} 30. Qh8+ {[%emt 0:02:04]} Ke7 {[%emt 0:00:05]} 31. Qxg7+ {[%emt 0:00:13]} Ke8 {[%emt 0:00:04]} 32. Qxb7 {[%emt 0:01:39]} Rxb7 {[%emt 0:00:24]} 33. g7 {[%emt 0:00:01]} Rxg7 {[%emt 0:00:07]} 34. Rxg7 {[%emt 0:00:03]} Bb6 {[%emt 0:00:46]} 35. Rb7 {[%emt 0:02:00]} Bxe3 {[%emt 0:00:32]} 36. Rg1 {[%emt 0:00:05]} Kf8 {[%emt 0:00:22]} 37. Rf1 {[%emt 0:00:04]} Rf4 {[%emt 0:00:52]} 38. Rxf4+ {[%emt 0:01:40]} exf4 {[%emt 0:00:01]} 39. Nf3 {[%emt 0:00:15]} bxc4 {[%emt 0:00:13]} 1-0

[Event "17th Aeroflot Open-A 2019"]
[Site "Moscow"]
[Date "2019.02.27"]
[Round "9.20"]
[White "Karthikeyan, Murali"]
[Black "Idani, Pouya"]
[Result "1/2-1/2"]
[WhiteElo "2560"]
[BlackElo "2604"]
[Annotator "ChessBase"]
[PlyCount "82"]
[EventDate "2019.02.19"]
[EventCountry "RUS"]
[SourceTitle "playchess.com"]
[Source "ChessBase"]
[SourceQuality "1"]
[TimeControl "40/5400+30:1800+30"]

1. e4 {[%emt 0:00:00]} c5 {[%emt 0:00:31]} 2. Nf3 {[%emt 0:00:00]} d6 {[%emt 0:00:02]} 3. d4 {[%emt 0:00:00]} cxd4 {[%emt 0:00:04]} 4. Nxd4 {[%emt 0:00:00]} Nf6 {[%emt 0:00:04]} 5. Nc3 {[%emt 0:00:00]} a6 {[%emt 0:00:02]} 6. h3 {[%emt 0:00:03]} Nc6 {[%emt 0:02:17]} 7. g4 {[%emt 0:00:20]} g6 {[%emt 0:00:05]} 8. Be3 {[%emt 0:01:11]} Nxd4 {[%emt 0:00:06]} 9. Bxd4 {[%emt 0:00:31]} Bh6 {[%emt 0:00:05]} 10. f3 {[%emt 0:02:02]} Be6 {[%emt 0:02:26]} 11. h4 {[%emt 0:05:00]} Bf4 {[%emt 0:00:10]} 12. Ne2 {[%emt 0:05:52]} Be5 {[%emt 0:00:14]} 13. Qd2 {[%emt 0:01:22]} Qc7 {[%emt 0:05:59]} 14. O-O-O {[%emt 0:10:11]} Bxa2 {[%emt 0:08:11]} 15. f4 {[%emt 0:23:42]} Bxd4 {[%emt 0:19:21]} 16. Qxd4 {[%emt 0:00:28]} Bc4 {[%emt 0:06:24]} 17. Nc3 {[%emt 0:19:02]} Bxf1 {[%emt 0:05:12]} 18. Rhxf1 {[%emt 0:04:20]} Qc5 {[%emt 0:03:31]} 19. Qxc5 {[%emt 0:02:37]} dxc5 {[%emt 0:00:28]} 20. g5 {[%emt 0:00:24]} Nd7 {[%emt 0:18:01]} 21. Nd5 {[%emt 0:00:48]} Rc8 {[%emt 0:03:11]} 22. Rf3 {[%emt 0:04:54]} c4 {[%emt 0:01:44]} 23. h5 {[%emt 0:05:49]} Nc5 {[%emt 0:06:46]} 24. Rh3 {[%emt 0:01:51]} Rg8 {[%emt 0:01:28]} 25. hxg6 {[%emt 0:03:18]} hxg6 {[%emt 0:00:05]} 26. f5 {[%emt 0:00:21]} Nxe4 {[%emt 0:04:15]} 27. fxg6 {[%emt 0:01:48]} Nxg5 {[%emt 0:00:44]} 28. Re3 {[%emt 0:02:50]} e6 {[%emt 0:02:19]} 29. Nf6+ {[%emt 0:01:13]} Ke7 {[%emt 0:00:06]} 30. Nxg8+ {[%emt 0:00:07]} Rxg8 {[%emt 0:00:04]} 31. gxf7 {[%emt 0:00:06]} Nxf7 {[%emt 0:00:07]} 32. Rh3 {[%emt 0:02:02]} Rg7 {[%emt 0:04:21]} 33. Rdh1 {[%emt 0:01:34]} Rg6 {[%emt 0:00:27]} 34. Rf3 {[%emt 0:00:47]} Rg7 {[%emt 0:00:05]} 35. Rc3 {[%emt 0:00:40]} Ne5 {[%emt 0:02:00]} 36. Rch3 {[%emt 0:00:07]} Nf7 {[%emt 0:00:25]} 37. Rh7 {[%emt 0:00:24]} Rxh7 {[%emt 0:00:05]} 38. Rxh7 {[%emt 0:00:01]} e5 {[%emt 0:00:16]} 39. Rh4 {[%emt 0:01:20]} Nd6 {[%emt 0:00:18]} 40. Rh6 {[%emt 0:00:00]} Kd7 {[%emt 0:00:00]} 41. Kd2 {[%emt 0:01:53]} Kc6 {[%emt 0:00:11]} 1/2-1/2

[Event "17th Aeroflot Open-A 2019"]
[Site "Moscow"]
[Date "2019.02.27"]
[Round "9.21"]
[White "Aravindh, Chithambaram VR."]
[Black "Xu, Yi"]
[Result "1/2-1/2"]
[WhiteElo "2601"]
[BlackElo "2520"]
[Annotator "ChessBase"]
[PlyCount "148"]
[EventDate "2019.02.19"]
[EventCountry "RUS"]
[SourceTitle "playchess.com"]
[Source "ChessBase"]
[SourceQuality "1"]
[TimeControl "40/5400+30:1800+30"]

1. c4 {[%emt 0:00:10]} e6 {[%emt 0:01:11]} 2. Nc3 {[%emt 0:00:39]} d5 {[%emt 0:00:21]} 3. d4 {[%emt 0:00:29]} a6 {[%emt 0:00:06]} 4. cxd5 {[%emt 0:01:02]} exd5 {[%emt 0:00:05]} 5. Nf3 {[%emt 0:00:11]} c6 {[%emt 0:01:54]} 6. Qb3 {[%emt 0:03:49]} Nf6 {[%emt 0:03:19]} 7. Bg5 {[%emt 0:01:47]} Be7 {[%emt 0:05:48]} 8. g3 {[%emt 0:03:59]} Nbd7 {[%emt 0:06:56]} 9. Bg2 {[%emt 0:00:37]} Ne4 {[%emt 0:04:58]} 10. Bf4 {[%emt 0:04:33]} Ndf6 {[%emt 0:03:01]} 11. O-O {[%emt 0:01:04]} Nxc3 {[%emt 0:11:54]} 12. bxc3 {[%emt 0:00:23]} O-O {[%emt 0:02:38]} 13. Rad1 {[%emt 0:06:04]} b5 {[%emt 0:00:43]} 14. Ne5 {[%emt 0:00:57]} Qb6 {[%emt 0:02:42]} 15. c4 {[%emt 0:08:12]} Be6 {[%emt 0:00:30]} 16. cxd5 {[%emt 0:00:10]} Nxd5 {[%emt 0:02:35]} 17. Qb2 {[%emt 0:01:15]} Rac8 {[%emt 0:04:55]} 18. Bd2 {[%emt 0:02:09]} Rfd8 {[%emt 0:01:30]} 19. Rc1 {[%emt 0:05:37]} Bf8 {[%emt 0:10:38]} 20. Rfd1 {[%emt 0:06:51]} Qb7 {[%emt 0:07:13]} 21. Be1 {[%emt 0:12:08]} f6 {[%emt 0:02:53]} 22. Nc4 {[%emt 0:01:16]} Qd7 {[%emt 0:09:53]} 23. Na5 {[%emt 0:00:49]} f5 {[%emt 0:00:33]} 24. e3 {[%emt 0:08:24]} Bf7 {[%emt 0:03:47]} 25. Rc2 {[%emt 0:00:46]} Ne7 {[%emt 0:03:24]} 26. Rdc1 {[%emt 0:06:21]} Bd5 {[%emt 0:00:10]} 27. f3 {[%emt 0:00:13]} g6 {[%emt 0:01:13]} 28. Nb3 {[%emt 0:04:09]} Bg7 {[%emt 0:01:41]} 29. Qa3 {[%emt 0:01:14]} Re8 {[%emt 0:01:44]} 30. Bf2 {[%emt 0:00:47]} Bc4 {[%emt 0:01:31]} 31. Na5 {[%emt 0:02:53]} Bd5 {[%emt 0:00:50]} 32. Rd1 {[%emt 0:00:48]} Be6 {[%emt 0:00:46]} 33. Nb3 {[%emt 0:04:44]} Bc4 {[%emt 0:00:33]} 34. h3 {[%emt 0:00:36]} Nd5 {[%emt 0:00:49]} 35. Nc5 {[%emt 0:02:28]} Qf7 {[%emt 0:00:57]} 36. e4 {[%emt 0:00:38]} fxe4 {[%emt 0:01:00]} 37. fxe4 {[%emt 0:00:05]} b4 {[%emt 0:00:10]} 38. Qb2 {[%emt 0:07:32]} Nc3 {[%emt 0:00:10]} 39. Ra1 {[%emt 0:00:12]} a5 {[%emt 0:00:51]} 40. a3 {[%emt 0:00:00]} Rb8 {[%emt 0:00:00]} 41. axb4 {[%emt 0:01:45]} axb4 {[%emt 0:06:01]} 42. e5 {[%emt 0:00:52]} Bf8 {[%emt 0:09:21]} 43. Bxc6 {[%emt 0:03:50]} Bxc5 {[%emt 0:00:30]} 44. Bxe8 {[%emt 0:10:00]} Rxe8 {[%emt 0:02:33]} 45. dxc5 {[%emt 0:00:07]} Qf3 {[%emt 0:01:37]} 46. Kh2 {[%emt 0:00:27]} Ne2 {[%emt 0:01:59]} 47. Rxe2 {[%emt 0:00:12]} Bxe2 {[%emt 0:00:35]} 48. Bd4 {[%emt 0:00:26]} b3 {[%emt 0:06:12]} 49. c6 {[%emt 0:01:39]} Bc4 {[%emt 0:02:22]} 50. c7 {[%emt 0:07:49]} Bd5 {[%emt 0:00:39]} 51. Qd2 {[%emt 0:01:27]} Rc8 {[%emt 0:05:14]} 52. Bb6 {[%emt 0:00:08]} Qe4 {[%emt 0:00:20]} 53. Rc1 {[%emt 0:02:01]} h5 {[%emt 0:00:40]} 54. Qf2 {[%emt 0:07:31]} Kh7 {[%emt 0:01:22]} 55. Re1 {[%emt 0:00:36]} Qc2 {[%emt 0:00:09]} 56. Re2 {[%emt 0:01:26]} Qd1 {[%emt 0:01:07]} 57. Re1 {[%emt 0:00:07]} Qc2 {[%emt 0:00:02]} 58. Re2 {[%emt 0:01:00]} Qd1 {[%emt 0:00:04]} 59. g4 {[%emt 0:00:06]} Rf8 {[%emt 0:01:03]} 60. Qe1 {[%emt 0:01:25]} Qxe1 {[%emt 0:01:18]} 61. Rxe1 {[%emt 0:00:02]} Be6 {[%emt 0:00:22]} 62. Kg3 {[%emt 0:00:38]} hxg4 {[%emt 0:00:27]} 63. hxg4 {[%emt 0:00:03]} g5 {[%emt 0:00:14]} 64. Be3 {[%emt 0:01:51]} Rc8 {[%emt 0:00:49]} 65. Bb6 {[%emt 0:00:04]} Rf8 {[%emt 0:00:10]} 66. Rc1 {[%emt 0:00:19]} Rf4 {[%emt 0:00:52]} 67. Ba5 {[%emt 0:00:43]} Rxg4+ {[%emt 0:00:59]} 68. Kf3 {[%emt 0:00:05]} b2 {[%emt 0:00:35]} 69. Rb1 {[%emt 0:00:20]} Ra4 {[%emt 0:00:04]} 70. Bd2 {[%emt 0:00:25]} Rc4 {[%emt 0:00:54]} 71. Rxb2 {[%emt 0:00:10]} g4+ {[%emt 0:00:13]} 72. Kg3 {[%emt 0:00:06]} Rxc7 {[%emt 0:00:05]} 73. Rb6 {[%emt 0:00:04]} Re7 {[%emt 0:00:18]} 74. Bg5 {[%emt 0:00:23]} Re8 {[%emt 0:00:03]} 1/2-1/2

[Event "17th Aeroflot Open-A 2019"]
[Site "Moscow"]
[Date "2019.02.27"]
[Round "9.22"]
[White "Narayanan.S.L"]
[Black "Sadhwani, Raunak"]
[Result "1-0"]
[WhiteElo "2593"]
[BlackElo "2448"]
[Annotator "ChessBase"]
[PlyCount "117"]
[EventDate "2019.02.19"]
[EventCountry "RUS"]
[SourceTitle "playchess.com"]
[Source "ChessBase"]
[SourceQuality "1"]
[TimeControl "40/5400+30:1800+30"]

1. e4 {[%emt 0:00:00]} e5 {[%emt 0:00:00]} 2. Nf3 {[%emt 0:00:00]} Nf6 {[%emt 0:00:00]} 3. d4 {[%emt 0:00:00]} Nxe4 {[%emt 0:00:00]} 4. Bd3 {[%emt 0:00:00]} d5 {[%emt 0:00:07]} 5. Nxe5 {[%emt 0:00:04]} Be7 {[%emt 0:05:19]} 6. O-O {[%emt 0:00:51]} O-O {[%emt 0:00:43]} 7. c4 {[%emt 0:00:15]} Nf6 {[%emt 0:03:25]} 8. Nc3 {[%emt 0:02:44]} Be6 {[%emt 0:02:32]} 9. cxd5 {[%emt 0:10:37]} Nxd5 {[%emt 0:00:06]} 10. Re1 {[%emt 0:08:35]} Nc6 {[%emt 0:06:26]} 11. Nxd5 {[%emt 0:14:24]} Bxd5 {[%emt 0:00:34]} 12. Qg4 {[%emt 0:02:54]} Re8 {[%emt 0:12:41]} 13. Bf4 {[%emt 0:23:42]} Bf6 {[%emt 0:05:10]} 14. Qh3 {[%emt 0:13:09]} g6 {[%emt 0:00:16]} 15. Bb5 {[%emt 0:00:27]} Bg7 {[%emt 0:01:01]} 16. Qg3 {[%emt 0:00:21]} a6 {[%emt 0:01:44]} 17. Bxc6 {[%emt 0:01:59]} Bxc6 {[%emt 0:00:54]} 18. Nxc6 {[%emt 0:00:20]} Rxe1+ {[%emt 0:00:45]} 19. Rxe1 {[%emt 0:00:05]} bxc6 {[%emt 0:00:03]} 20. Be5 {[%emt 0:01:13]} Bxe5 {[%emt 0:01:32]} 21. Qxe5 {[%emt 0:00:57]} Rb8 {[%emt 0:00:16]} 22. b3 {[%emt 0:01:25]} Rb5 {[%emt 0:00:25]} 23. Qe8+ {[%emt 0:02:11]} Qxe8 {[%emt 0:00:06]} 24. Rxe8+ {[%emt 0:00:03]} Kg7 {[%emt 0:00:04]} 25. Kf1 {[%emt 0:00:53]} Rd5 {[%emt 0:01:33]} 26. Ra8 {[%emt 0:02:51]} Rxd4 {[%emt 0:00:15]} 27. Rxa6 {[%emt 0:00:10]} Rd2 {[%emt 0:04:26]} 28. Rxc6 {[%emt 0:01:36]} Rxa2 {[%emt 0:00:40]} 29. Rxc7 {[%emt 0:00:04]} Rb2 {[%emt 0:00:07]} 30. Rb7 {[%emt 0:00:04]} g5 {[%emt 0:00:26]} 31. g4 {[%emt 0:04:28]} Kg6 {[%emt 0:03:56]} 32. Kg2 {[%emt 0:01:06]} h6 {[%emt 0:00:56]} 33. Rb8 {[%emt 0:00:18]} Kf6 {[%emt 0:00:16]} 34. Kg3 {[%emt 0:01:56]} Rb1 {[%emt 0:00:42]} 35. Rb5 {[%emt 0:01:48]} Kg6 {[%emt 0:00:53]} 36. Rb6+ {[%emt 0:00:09]} Kg7 {[%emt 0:00:12]} 37. h3 {[%emt 0:00:06]} Rg1+ {[%emt 0:00:21]} 38. Kh2 {[%emt 0:00:03]} Rb1 {[%emt 0:00:07]} 39. Kg2 {[%emt 0:00:02]} Kh7 {[%emt 0:00:52]} 40. b4 {[%emt 0:00:00]} Rb3 {[%emt 0:00:00]} 41. b5 {[%emt 0:03:42]} Kg7 {[%emt 0:01:33]} 42. Rb8 {[%emt 0:02:12]} Kf6 {[%emt 0:00:24]} 43. Rb7 {[%emt 0:06:29]} Kg6 {[%emt 0:00:46]} 44. b6 {[%emt 0:01:39]} Kf6 {[%emt 0:00:11]} 45. Rb8 {[%emt 0:00:24]} Ke7 {[%emt 0:00:49]} 46. f3 {[%emt 0:01:07]} Rb2+ {[%emt 0:01:06]} 47. Kf1 {[%emt 0:06:18]} Kf6 {[%emt 0:00:52]} 48. Rb7 {[%emt 0:00:03]} Kg6 {[%emt 0:02:04]} 49. Ke1 {[%emt 0:00:43]} Rb3 {[%emt 0:01:13]} 50. Ke2 {[%emt 0:00:14]} Kf6 {[%emt 0:03:06]} 51. Kd2 {[%emt 0:07:32]} Rxf3 {[%emt 0:01:16]} 52. Kc2 {[%emt 0:00:09]} Rf2+ {[%emt 0:01:00]} 53. Kc3 {[%emt 0:00:10]} Rf1 {[%emt 0:00:05]} 54. Rc7 {[%emt 0:00:38]} Rb1 {[%emt 0:00:25]} 55. b7 {[%emt 0:00:03]} Kg6 {[%emt 0:08:53]} 56. Kd4 {[%emt 0:00:53]} f6 {[%emt 0:00:06]} 57. Kc5 {[%emt 0:01:48]} h5 {[%emt 0:00:05]} 58. Rd7 {[%emt 0:00:32]} hxg4 {[%emt 0:02:23]} 59. hxg4 {[%emt 0:00:07]} 1-0

[Event "17th Aeroflot Open-A 2019"]
[Site "Moscow"]
[Date "2019.02.27"]
[Round "9.23"]
[White "Mamedov, Rauf"]
[Black "Lalith Babu M R"]
[Result "1-0"]
[WhiteElo "2703"]
[BlackElo "2556"]
[Annotator "TA"]
[PlyCount "63"]
[EventDate "2019.02.19"]
[EventCountry "RUS"]
[SourceTitle "playchess.com"]
[Source "ChessBase"]
[SourceQuality "1"]

{[%evp 12,63,20,20,21,4,40,34,34,33,35,30,38,35,41,32,58,48,44,62,127,124,128,129,104,122,125,116,151,120,129,131,135,152,404,402,414,408,406,405,387,393,456,415,423,421,710,761,729,701,1839,1816,1785,1820]} 1. e4 e5 2. Nf3 Nc6 3. Bc4 Bc5 4. c3 Nf6 5. d3 a6 6. Bb3 d6 7. Nbd2 {[%cal Bb1d2,Bd2f1,Bf1g3][%mdl 32]} h6 {C54: Giuoco Piano: 4 c3 Nf6, main lines with 5 d4 and 5 d3} 8. Nf1 Ne7 (8... d5 9. exd5 Nxd5 10. Ng3 O-O 11. O-O Re8 12. Re1 Nf6 13. h3 Be6 14. Bc2 Bd5 15. Nh4 {½-½ (43) Duda,J (2739)-Mamedyarov,S (2820) Batumi 2018}) 9. Ng3 Ng6 {White is slightly better.} 10. O-O O-O 11. d4 $146 ({Predecessor:} 11. h3 d5 12. Qc2 d4 13. cxd4 Bxd4 14. Nxd4 exd4 15. Bd2 Be6 16. Rac1 c6 17. Bb4 Re8 18. Bxe6 fxe6 19. b3 e5 20. Bd2 Rc8 21. Qd1 Qd7 {½-½ (21) Hrenic,M (1810)-Krivec,S (1569) Celje 2004}) 11... Bb6 12. h3 exd4 13. cxd4 d5 14. e5 Ne4 15. Be3 Nh4 {[#]} (15... Re8 $14) 16. Nxh4 $1 $16 Qxh4 17. Bxd5 Nxg3 18. fxg3 Qxg3 19. Rf3 $36 {[%mdl 2048] Keeping Black busy.} Qg6 20. Qe1 c6 21. Rg3 Qh7 22. Bb3 {Qb4 is the strong threat.} h5 $2 (22... Bd8 $16 {was necessary.} 23. Qb4 Bh4) 23. Qb4 $18 Bc7 24. Rf1 Be6 25. Qxb7 Bxb3 26. axb3 ({Less strong is} 26. Qxb3 Rac8 $18) (26. Qxc7 Bc4 $16) 26... Rac8 27. Qxa6 Qe4 28. Qe2 {Black must now prevent Rxg7+!White is clearly winning.} g6 (28... Qh7 $142 29. Qc4 Bb6) 29. Rf4 Qb1+ 30. Kh2 Ra8 31. Qxh5 {White wants to mate with Rh4.} Ra1 {[#]} 32. Bc1 $1 {[%mdl 512] Accuracy: White = 89%, Black = 31%.} 1-0

[Event "17th Aeroflot Open-A 2019"]
[Site "Moscow"]
[Date "2019.02.27"]
[Round "9.24"]
[White "Nabaty, Tamir"]
[Black "Iniyan, P."]
[Result "1-0"]
[WhiteElo "2688"]
[BlackElo "2480"]
[Annotator "TA"]
[PlyCount "67"]
[EventDate "2019.02.19"]
[EventCountry "RUS"]
[SourceTitle "playchess.com"]
[Source "ChessBase"]
[SourceQuality "1"]

{[%evp 23,66,43,40,35,47,16,23,-39,-28,-28,-28,-33,-20,-35,-37,-35,-37,-39,-7,-48,0,0,4,-9,197,189,185,185,225,227,225,225,217,194,202,196,29982,29983,29991,800,29995,29996,29998,29999,29999]} 1. d4 Nf6 2. g3 g6 3. Bg2 Bg7 4. e4 d6 5. Ne2 O-O 6. O-O e5 7. Nbc3 Nbd7 8. h3 c6 9. a4 a5 10. Be3 exd4 11. Bxd4 {B07: Pirc Defence: Miscellaneous Systems} (11. Nxd4 Re8 12. Nde2 Nc5 13. f3 Na6 14. Qd2 Nb4 15. f4 Qe7 16. Bf2 d5 17. e5 Ne4 18. Nxe4 dxe4 {0-1 (59) Huzman,A (2580)-Guseinov,G (2634) Berlin 2015}) 11... Re8 12. Re1 Qc7 {LiveBook: 4 Games} 13. Qd2 {White is slightly better.} Nc5 {[%cal Rc5e4]} 14. e5 $146 ({Predecessor:} 14. Nf4 Ne6 15. Nxe6 Bxe6 16. Rad1 Rad8 17. Qf4 Nh5 18. Qe3 Bxd4 19. Qxd4 Ng7 {1-0 (54) Nguyen,V (2283)-Kerigan,D (2097) Kemer 2009}) 14... Nfd7 15. Bxc5 ({White should play} 15. exd6 $11 Qxd6 16. Rad1) 15... dxc5 16. f4 f6 17. g4 fxe5 18. Ng3 Nf6 19. f5 $1 {[%cal Rf5g6]} gxf5 20. gxf5 e4 21. Qg5 {[%cal Rg3e4]} h6 22. Qh4 {[%cal Rc3e4]} e3 23. Rad1 Qb6 $2 (23... Bd7 $11 {and Black is okay.}) 24. Nce4 $1 $36 {[%cal Re4f6][%mdl 2048] Black is under strong pressure.} Qxb2 25. Rd6 Rf8 26. Nxf6+ Rxf6 27. Rd8+ Rf8 28. Rxf8+ Bxf8 29. Rd1 $1 Bg7 $2 (29... Qe5 $18) 30. Rd8+ Kh7 {[#]} 31. f6 $1 {[%mdl 512]} Bxf6 (31... Qxf6 32. Be4+) 32. Qe4+ {White mates.} Kg7 33. Nh5+ Kf7 34. Qe8# {Precision: White = 78%, Black = 47%.} 1-0